000 00450nam a2200145Ia 4500
008 230917s9999||||xx |||||||||||||| ||und||
040 _e173529
_aMAIN
041 _aEnglish
082 _a891.431731 SA98S
100 _aसक्सेना, आलोक
245 0 _aतुमने देखा तो होगा
260 _aनई दिल्ली
_bसार्थक प्रकाशन
_c1997
300 _a88 पृ. p.
942 _cHN
999 _c96552
_d96552